| 000 | 00989nam a2200289 i 4500 | ||
|---|---|---|---|
| 003 | DO-SdBNP | ||
| 005 | 20230926142734.0 | ||
| 006 | a||||er|||| 00| 0 | ||
| 007 | ta | ||
| 008 | 230926t2017 eu ||||| |||| 00| 0 eng d | ||
| 020 | _a9781621379317 (tapa dura) | ||
| 040 |
_aDO-SdBNP _bspa _cBNPHU _erda |
||
| 041 | _heng | ||
| 082 | 4 |
_222 _bP192s |
|
| 245 |
_aSeparate or divorce the way you got together: _bhappy!. / _cFreddy A. Paniagua. |
||
| 264 | 4 |
_aEstados Unidos : _bUniversidad of Texas Medical Branch at Galveston, _c2017 |
|
| 300 |
_a123 páginas ; _c23 cm. |
||
| 336 |
_2rdacontent _atexto _btxt |
||
| 337 |
_2rdamedia _asin mediación _bn |
||
| 338 |
_2rdacarrier _avolumen _bnc |
||
| 500 | _aIncluye datos biográficos del autor en la página 123. | ||
| 590 | _aInventariado 2023 / MF | ||
| 650 | 4 |
_aSeparación _xConflicto Matrimonial _984274 |
|
| 650 | 4 |
_aDivorcio _xConflicto Matrimonial _984275 |
|
| 650 | 4 |
_aDivorcio _xAspectos Psicológicos _946195 |
|
| 942 |
_2ddc _cLBS1 |
||
| 999 |
_c54948 _d54948 |
||